000 00214nam a2200097Ia 4500
008 240331s9999 xx 000 0 und d
082 _bSHI
100 _aShiva, V
245 0 _aPasumai puratchiyin vanmurai
942 _cL
999 _c1482
_d1482